000 00692nam a2200193Ia 4500
008 151121s9999||||xx |||||||||||||| ||und||
082 _a813/तांबोळी
082 _bHNW-72464
100 _aतांबोळी लक्ष्मीकांत
245 _aदुर गेलेले घर
260 _b"प्रतिमा प्रकाशन, पुणे।"
260 _c--
300 _a154
600 _aतांबोळी लक्ष्मीकांत
630 _aदुर गेलेले घर
700 _aतांबोळी लक्ष्मीकांत
730 _aदुर गेलेले घर
942 _cBOOK
999 _c1253924
_d1253921